Click the Christmas Movie - Statistics

General Stats
  • This quiz has been taken 91 times
    68 since last reset
  • The average score is 8 of 12
Answers on the Grid
Answers color-coded by a green-red scale on the quiz's grid according to % correct below.
Gremlins (1984)
Die Hard (1988)
Lethal Weapon (1987)
Eyes Wide Shut (1999)
The Holdovers (2023)
Love Actually (2003)
The Polar Express (2004)
Trading Places (1983)
It's a Wonderful Life (1946)
Kiss Kiss Bang Bang (2005)
Home Alone (1990)
Batman Returns (1992)
Batman Forever (1995)
Rocky III (1982)
Sister Act (1992)
Top Gun (1986)
The Godfather (1972)
The Sound of Music (1965)
Ocean's Eleven (2001)
Jurassic Park (1993)
The Nice Guys (2016)
Planes, Trains and Automobiles (1987)
Jaws (1975)
The Blind Side (2009)
 
Answer Stats
Answer % Correct
Home Alone (1990)
98%
The Polar Express (2004)
96%
Love Actually (2003)
94%
Die Hard (1988)
90%
It's a Wonderful Life (1946)
90%
Gremlins (1984)
78%
Trading Places (1983)
51%
The Holdovers (2023)
45%
Batman Returns (1992)
39%
Kiss Kiss Bang Bang (2005)
39%
Eyes Wide Shut (1999)
29%
Lethal Weapon (1987)
24%
No matching quizzes found
Score Distribution
Percent of People with Each Score
Percentile by Number Answered
Your Score History
You have not taken this quiz since the last reset